| 000 | 00835nam a2200217Ia 4500 | ||
|---|---|---|---|
| 001 | 1193 | ||
| 003 | GE_BSU | ||
| 008 | 181216s||||||||xx |||||||||||||| ||und|| | ||
| 040 | _cGE_BSU | ||
| 080 | _a663.2(075.8) | ||
| 100 | _aშათირიშვილი შალვა. | ||
| 245 | _aმეღვინეობა. | ||
| 245 | _bსახელმძღვანელო სასოფლო სამეურნეო ინსტიტუტის სტუდენტებისათვის. | ||
| 260 | _aთბილისი. | ||
| 260 | _bსაქართველოს სახელმწიფო აგრარული უნივერსიტეტი. | ||
| 260 | _c2005. | ||
| 300 | _a169 გვ. 27 სმ. | ||
| 541 | _h8 ლ. | ||
| 653 | _aმეღვინეობა. | ||
| 942 | _cBK | ||
| 999 |
_c35341 _d35341 |
||